000 00494nam a2200181Ia 4500
003 OSt
005 20240712141103.0
008 210210b1961 xxu||||| |||| 00| 0 eng d
040 _cAL
041 _aKannada
082 _a859/550
100 _aJAVAREGAUDA (Dhe) ಜವರೇಗೌಡ ದೇ .
_9173319
245 _aHammu bimmu
_bಹಮ್ಮು ಬಿಮ್ಮು
260 _aMaisuru
_bSharada Mandira
_c1961
690 _aKannada Fiction
_9173320
906 _a021410
942 _2ddc
_cBK
999 _c145498
_d145498